| 000 | 00704nam a2200181Ia 4500 | ||
|---|---|---|---|
| 008 | 100920s9999 xx 000 0 und d | ||
| 082 |
_b14495 _a891.43 थ 61 |
||
| 100 | _aशिवकुमार कैशिक. | ||
| 245 | _aवैशाली की दत्तकपुत्री. | ||
| 260 |
_bआत्माराम एंड सन्स, काश्मीरी गेट, दिल्ली. _c1961 |
||
| 300 |
_a277 _bसाधी |
||
| 365 | _b6.5 | ||
| 520 | _aहिंदी. | ||
| 630 | _aवैशाली की दत्तकपुत्री. | ||
| 650 | _aहिंदी. | ||
| 730 | _aवैशाली की दत्तकपुत्री. | ||
| 942 | _cBOOK | ||
| 999 |
_c678507 _d678504 |
||